000
00285nam a2200109Ia 4500
008
200302s9999 xx 000 0 und d
100
_a
Douglas Bryden
245
_a
Cad and papid prototping for product design
260
_b
Laurence King Publishing Ltd.,
260
_c
2014
300
_a
176
999
_c
6549
_d
6549